=LDR 00000nam 2200000 4500 =001 INLIS000000000027524 =005 20180116095256 =035 ##$$a 0010-061300000027524 =008 180116###########################0###### =041 ##$$a Ind =082 ##$$a 372.35 =090 ##$$a 372.35, Put s =100 ##$$a Putra,Ramadhan =245 1#$$a Sains terpadu untuk SD kelas IV,V dan VI Ringkasan materi lengkap di sertai UAS UAN, Ramadhan putra /$c Drs. Ramadhan putra =260 ##$$a surabaya :$b Pustaka Agung Harapan,$c 2004 =300 ##$$a x,236 hlm : $b ilus ; $c 20.5 cm =650 ##$$a Pendidikan Dasar-Sains =850 ##$$a NBPNMAT =020 ##$$a ] =084 ##$$a 372.35 Put s =990 ##$$a 07970797 =990 ##$$a 25051/Pb-07